[Event "WchT Blitz Pool C"]
[Site "London"]
[Date "2025.06.14"]
[Round "5.6"]
[White "Mesropyan, Hayk"]
[Black "Yontar, Sabrican Onay"]
[Result "1/2-1/2"]
[WhiteElo "1866"]
[BlackElo "1941"]
[PlyCount "166"]
[EventDate "2025.06.14"]
[EventType "team-tourn"]
[EventRounds "13"]
[EventCountry "ENG"]
[SourceTitle "CB25_2025"]
[SourceDate "2025.06.18"]
[SourceVersion "1"]
[SourceVersionDate "2025.06.18"]
[SourceQuality "1"]
[WhiteTeam "ANI"]
[BlackTeam "Generation XYZA"]
[WhiteTeamCountry "ENG"]
[BlackTeamCountry "TUR"]

1. e4 e5 2. Nf3 Nc6 3. Bb5 Nd4 4. Nxd4 exd4 5. c3 Bc5 6. 0-0 c6 7. Be2 d5 8. cxd4 Bxd4 9. exd5 Qxd5 10. Bf3 Qd8 11. Re1+ Ne7 12. Qe2 Bf6 13. Nc3 0-0 14. Ne4 Nd5 15. Nxf6+ Nxf6 16. d3 Re8 17. Be3 Bf5 18. Rad1 Qa5 19. a3 h6 20. Qc2 Nd5 21. h3 Rad8 22. Be4 Nxe3 23. Rxe3 Be6 24. Rg3 Qe5 25. d4 Qf6 26. Rf3 Qg5 27. Rdd3 Bd5 28. Rg3 Bxe4 29. Rxg5 Bxd3 30. Rxg7+ Kxg7 31. Qxd3 Re6 32. Qg3+ Kh7 33. Qf4 Rd7 34. h4 Red6 35. Qf5+ Kg7 36. Qe5+ Kh7 37. Qf5+ Kg7 38. h5 Rxd4 39. Qe5+ Kh7 40. Qf5+ Kg7 41. g3 Rd1+ 42. Kg2 R1d5 43. Qg4+ Kh7 44. Qe4+ Kg7 45. b4 Rd4 46. Qe5+ Kh7 47. Qf5+ Kg7 48. Kh3 R4d5 49. Qg4+ Kh7 50. Qe4+ Kg7 51. g4 Rd3+ 52. Kg2 R3d5 53. a4 Kg8 54. a5 a6 55. Qe8+ Kg7 56. Qe4 Kg8 57. Qe3 Kg7 58. Qe4 Kg8 59. Kg3 Rd3+ 60. f3 R3d5 61. Qe3 Kg7 62. Kh4 Kh7 63. Qe4+ Kg7 64. f4 Rd1 65. g5 hxg5+ 66. Kxg5 Rg1+ 67. Kh4 Rgd1 68. Qe5+ Kh7 69. Qf5+ Kg7 70. Qg5+ Kh7 71. Qf5+ Kg7 72. Qe5+ Kh7 73. Qe4+ Kg7 74. Kg5 R1d5+ 75. Kg4 Rd1 76. Kh4 Kh6 77. Qe5 Kh7 78. h6 Kxh6 79. Qh8+ Kg6 80. Qh5+ Kg7 81. Qe5+ Kh7 82. Qh5+ Kg7 83. Qe5+ Kh7 1/2-1/2

[Event "WchT Blitz Pool C"]
[Site "London"]
[Date "2025.06.14"]
[Round "12.6"]
[White "Yontar, Sabrican Onay"]
[Black "Ziems, Michael"]
[Result "1-0"]
[WhiteElo "1941"]
[BlackElo "1904"]
[PlyCount "55"]
[EventDate "2025.06.14"]
[EventType "team-tourn"]
[EventRounds "13"]
[EventCountry "ENG"]
[SourceTitle "CB25_2025"]
[SourceDate "2025.06.18"]
[SourceVersion "1"]
[SourceVersionDate "2025.06.18"]
[SourceQuality "1"]
[WhiteTeam "Generation XYZA"]
[BlackTeam "Berlin Chess Federation"]
[WhiteTeamCountry "TUR"]
[BlackTeamCountry "GER"]

1. e4 e6 2. b3 d5 3. Bb2 Nf6 4. e5 Nfd7 5. f4 c5 6. Qg4 Nc6 7. Nf3 g6 8. Bb5 Qb6 9. a4 a6 10. Bxc6 bxc6 11. Nc3 c4 12. a5 Qb8 13. Nd4 c5 14. Nxe6 Nxe5 15. fxe5 Qxe5+ 16. Qe2 Qxe2+ 17. Nxe2 Rg8 18. Nc7+ Kd7 19. Nxa8 Bb7 20. Nb6+ Kc6 21. 0-0 f5 22. bxc4 dxc4 23. Nxc4 Bh6 24. d3 Kc7 25. Be5+ Kc6 26. Rab1 Ba8 27. Rb6+ Kd7 28. Rxa6 1-0

[Event "WchT Rapid"]
[Site "London"]
[Date "2025.06.13"]
[Round "12.6"]
[White "Yontar, Sabrican Onay"]
[Black "Araya Fuentes, Cristian"]
[Result "1-0"]
[WhiteElo "1870"]
[BlackElo "1945"]
[PlyCount "71"]
[EventDate "2025.06.11"]
[EventType "team-swiss"]
[EventRounds "12"]
[EventCountry "ENG"]
[SourceTitle "CB25_2025"]
[SourceDate "2025.06.18"]
[SourceVersion "1"]
[SourceVersionDate "2025.06.18"]
[SourceQuality "1"]
[WhiteTeam "Generation XYZA"]
[BlackTeam "The MongolZ"]
[WhiteTeamCountry "TUR"]
[BlackTeamCountry "MGL"]

1. e4 c6 2. d4 d5 3. e5 c5 4. dxc5 Nc6 5. Nf3 Bg4 6. Bb5 e6 7. c4 Bxf3 8. Qxf3 Bxc5 9. cxd5 Qxd5 10. Qxd5 exd5 11. Nc3 0-0-0 12. Bxc6 bxc6 13. 0-0 Bd4 14. Bg5 Re8 15. Rac1 Kd7 16. Rfd1 Bxc3 17. Rxc3 Rxe5 18. Be3 f6 19. Ra3 Ne7 20. Rxa7+ Ke6 21. Bd4 Rb8 22. Bxe5 fxe5 23. b3 Rb4 24. Rc1 Rd4 25. Kf1 Rd2 26. g4 h6 27. a4 Rb2 28. Rb7 d4 29. a5 d3 30. a6 Ra2 31. a7 Kd6 32. Rd1 e4 33. Re1 d2 34. Rd1 e3 35. fxe3 Nd5 36. Rxd2 1-0

[Event "WchT Rapid"]
[Site "London"]
[Date "2025.06.12"]
[Round "7.6"]
[White "Yontar, Sabrican Onay"]
[Black "Aiten, Islam"]
[Result "0-1"]
[WhiteElo "1870"]
[BlackElo "2037"]
[PlyCount "134"]
[EventDate "2025.06.11"]
[EventType "team-swiss"]
[EventRounds "12"]
[EventCountry "ENG"]
[SourceTitle "CB25_2025"]
[SourceDate "2025.06.18"]
[SourceVersion "1"]
[SourceVersionDate "2025.06.18"]
[SourceQuality "1"]
[WhiteTeam "Generation XYZA"]
[BlackTeam "KazChess"]
[WhiteTeamCountry "TUR"]
[BlackTeamCountry "KAZ"]

1. e4 e5 2. Nf3 Nc6 3. Bc4 Nf6 4. d3 h6 5. c3 d6 6. Nbd2 g5 7. h3 Bg7 8. Nf1 d5 9. exd5 Nxd5 10. Ne3 Be6 11. Nxd5 Bxd5 12. Bxd5 Qxd5 13. Qb3 Qxb3 14. axb3 0-0-0 15. Ke2 Rhe8 16. Rd1 f5 17. Be3 f4 18. Bc5 b6 19. Ba3 Rd7 20. Nd2 Kb7 21. Ne4 Nd8 22. f3 Nf7 23. Rd2 Nd6 24. Bxd6 cxd6 25. c4 Rc8 26. Nc3 Bh8 27. Nd5 Rg8 28. Rdd1 h5 29. Rh1 Rg6 30. Nc3 Bf6 31. Ne4 Bd8 32. Rad1 d5 33. Nc3 d4 34. Ne4 Rdg7 35. Rh2 g4 36. fxg4 hxg4 37. h4 Rf7 38. h5 Rh6 39. Rf1 Be7 40. Rfh1 Kb8 41. Rf1 Rfh7 42. Rfh1 Kb7 43. Nd2 Kc6 44. Ne4 b5 45. Kd1 Bd8 46. Ke2 bxc4 47. bxc4 Rb7 48. Rb1 a5 49. b3 Be7 50. Nd2 a4 51. bxa4 Rxb1 52. Nxb1 Kc5 53. a5 Kb4 54. a6 Rxa6 55. h6 Ra2+ 56. Kd1 Bf6 57. Nd2 Kc3 58. Ne4+ Kxd3 59. Nc5+ Ke3 60. h7 d3 61. Nb3 Rb2 62. Nc1 Rb1 63. g3 f3 64. Rd2 e4 65. c5 f2 66. Rxf2 Kxf2 67. c6 e3 0-1

[Event "WchT Rapid"]
[Site "London"]
[Date "2025.06.11"]
[Round "2.6"]
[White "Rosenstein, Wadim"]
[Black "Yontar, Sabrican Onay"]
[Result "1/2-1/2"]
[WhiteElo "1704"]
[BlackElo "1870"]
[PlyCount "137"]
[EventDate "2025.06.11"]
[EventType "team-swiss"]
[EventRounds "12"]
[EventCountry "ENG"]
[SourceTitle "CB25_2025"]
[SourceDate "2025.06.18"]
[SourceVersion "1"]
[SourceVersionDate "2025.06.18"]
[SourceQuality "1"]
[WhiteTeam "WR Chess"]
[BlackTeam "Generation XYZA"]
[WhiteTeamCountry "GER"]
[BlackTeamCountry "TUR"]

1. c4 f5 2. Nf3 Nf6 3. g3 e6 4. Bg2 d6 5. 0-0 Be7 6. Nc3 0-0 7. d4 Ne4 8. Qc2 Nxc3 9. bxc3 Nc6 10. e4 e5 11. exf5 Bxf5 12. Qb3 Be4 13. Qd1 Qe8 14. Re1 Bxf3 15. Bxf3 Bf6 16. Qb3 Rb8 17. c5+ Kh8 18. cxd6 cxd6 19. Ba3 Qd7 20. dxe5 Nxe5 21. Bg2 Nc6 22. Rad1 Rfe8 23. Rxe8+ Rxe8 24. Bxd6 Rd8 25. Bf3 Qf5 26. Bf4 Rxd1+ 27. Qxd1 h6 28. Qe2 Qd7 29. Bg4 Qf7 30. c4 Nd4 31. Qd3 Qe7 32. Be3 Nc6 33. Qg6 Ne5 34. Qf5 Nxg4 35. Qxg4 Qb4 36. Qc8+ Kh7 37. Qf5+ Kh8 38. Qb5 Qe7 39. Qc5 Qe6 40. a4 b6 41. Qd5 Qe8 42. a5 bxa5 43. Qxa5 Qc6 44. Qb5 Qe4 45. c5 Qd5 46. Qa4 Kh7 47. c6 Be5 48. Bxa7 Bc7 49. Be3 Qe6 50. Qc2+ Kh8 51. Qc3 Qd5 52. Qc2 Qe5 53. Bf4 Qe1+ 54. Kg2 Bxf4 55. gxf4 Qe6 56. c7 Qg4+ 57. Kf1 Qh3+ 58. Ke2 Qg4+ 59. Ke3 Qe6+ 60. Kd2 Qd6+ 61. Ke1 Qe6+ 62. Kd2 Qd6+ 63. Ke3 Qe6+ 64. Qe4 Qb6+ 65. Kf3 Qxc7 66. f5 Qxh2 67. Qe8+ Kh7 68. Qg6+ Kh8 69. Qe8+ 1/2-1/2

[Event "Istanbul op-B 12th"]
[Site "Istanbul"]
[Date "2013.10.16"]
[Round "7"]
[White "Yontar, Sabrican Onay"]
[Black "Kesgin, Halit Kaan"]
[Result "0-1"]
[WhiteElo "1761"]
[BlackElo "1774"]
[PlyCount "58"]
[EventDate "2013.10.12"]
[EventType "swiss"]
[EventRounds "9"]
[EventCountry "TUR"]
[SourceTitle "EXT 2014"]
[Source "ChessBase"]
[SourceDate "2013.11.20"]
[SourceVersion "1"]
[SourceVersionDate "2013.11.20"]
[SourceQuality "1"]

1. e4 e6 2. b3 d5 3. Bb2 Nf6 4. e5 Nfd7 5. f4 c5 6. Qg4 Nc6 7. Nf3 g6 8. Bb5 Nb4 9. Na3 a6 10. Bxd7+ Bxd7 11. 0-0 Be7 12. Kh1 d4 13. d3 Bc6 14. Ng5 Bxg5 15. fxg5 b5 16. Rf2 Nd5 17. Bc1 Ne7 18. Bf4 Nf5 19. Re1 Qa5 20. c3 Qxa3 21. cxd4 cxd4 22. Rc1 Rc8 23. Rfc2 Kd7 24. Rxc6 Rxc6 25. Rxc6 Kxc6 26. Qf3+ Kb6 27. g4 Ne7 28. Bg3 Qc1+ 29. Kg2 Qc6 0-1